000 01333nam a22003497a 4500
003 CHAP
005 20220329140229.0
008 971013s1982 r 00010 d
010 _a48927
011 _a49899
035 _a54049
040 _cCHAP
090 _aTesis
100 0 0 _aRivera Ayala, Francisco Esteban.
_997603
245 _aEfecto del fitorregulador ethrel en cuatro difernetes épocas de aplicación (25, 50, 75 y 100 de floración), en el cultivo de melón (Cucumis melo L.) variedad Gusto 45, ciclo primavera verano 1981, Apodaca, N. L.
260 _aMonterrey, N. L. :
_bEl autor,
_c1982
300 _a69 h.
_b: ilus.
502 _aTesis (Ing. Agr. Esp. en Producción) -- ITESM. División de Ciencias Agropecuarias y Marítimas
590 _aALEPH
_b10
_c20130110
_lUCH01
_h1321
590 _aBATCH-UPD
_b10
_c20130110
_lUCH01
_h1209
590 _aBATCH-UPD
_b10
_c20130410
_lUCH01
_h0749
590 _aBATCH-UPD
_b10
_c20130914
_lUCH01
_h1810
590 _aCONVERSION
_b10
_c20130109
_lUCH01
_h1327
650 1 4 _aAcido cloroetilfosfonico 2.
_9578
650 1 4 _aMelón
_xNuevo León.
_974473
650 1 4 _aMelón
_xRendimiento.
_974477
650 1 4 _aMelón
_xVariedades.
_974482
650 1 4 _aPlantas
_xCrecimiento
_xAditivos.
_988804
901 _aBK
942 _cTESIS
949 _bBC
_cTES
_d-119496
_eTS1
_i54049
_si
999 _c48927
_d48927